Química recreativa / (Record no. 141427)

MARC details
000 -LEADER
campo de control de longitud fija 00590nam a2200205 i 4500
001 - NÚMERO DE CONTROL
campo de control 141427
003 - IDENTIFICADOR DE NÚMERO DE CONTROL
campo de control ES-MaACL
007 - CAMPO FIJO DE DESCRIPCIÓN FÍSICA--INFORMACIÓN GENERAL
campo de control de longitud fija t|
008 - DATOS DE LONGITUD FIJA--INFORMACIÓN GENERAL
campo de control de longitud fija 070924s1982 sp ||||1| spa d
100 1# - ENTRADA PRINCIPAL--NOMBRE DE PERSONA
Nombre de persona Vlasov, I.
9 (RLIN) 115632
245 10 - MENCIÓN DEL TÍTULO
Título Química recreativa /
Mención de responsabilidad, etc. I. Vlasov, D. Trifonov.
260 ## - PUBLICACIÓN, DISTRIBUCIÓN, ETC.
Lugar de publicación, distribución, etc. [Madrid] :
Nombre del editor, distribuidor, etc. Akal,
Fecha de publicación, distribución, etc. [1982]
300 ## - DESCRIPCIÓN FÍSICA
Extensión 344 p. :
Otras características físicas il. ;
Dimensiones 17 cm.
490 1# - MENCIÓN DE SERIE
Mención de serie Akal bolsillo
650 17 - PUNTO DE ACCESO ADICIONAL DE MATERIA--TÉRMINO DE MATERIA
Término de materia o nombre geográfico como elemento de entrada Química recreativa
Fuente del encabezamiento o término embne
9 (RLIN) 16639
700 1# - ENTRADA AGREGADA--NOMBRE PERSONAL
Nombre de persona Trifonov, D.
9 (RLIN) 111405
830 00 - PUNTO DE ACCESO ADICIONAL DE SERIE-TÍTULO UNIFORME
Título uniforme Akal bolsillo
9 (RLIN) 178001
852 ## - LOCALIZACIÓN
Ubicación ES-MaACL
Número de control de estantería L-4042
Sublocalización o colección R.104405
Holdings
Estatus retirado Estado de pérdida Estado de daño No para préstamo Biblioteca de origen Biblioteca actual Ubicación en estantería Fecha de adquisición Fuente de adquisición Total de préstamos Signatura topográfica completa Código de barras Visto por última vez Precio de reemplazo Tipo de ítem Koha
        Biblioteca del Ateneo de Madrid Biblioteca del Ateneo de Madrid Depósito 2 17/01/2008     L-4042 1147159 23/02/2023 23/02/2023 Libro impreso